000 00243nam a22001097a 4500
999 _c160345
_d160345
082 _a
_b
100 _aMohan Rakesh
245 _aLahron Ke Rajhans/
_cby Mohan Rakes.
260 _aNew Delhi:
_bRajkamal,
_c2001.
650 _a
942 _cBK